000 nam a22 7a 4500
999 _c17968
_d17968
008 161130b xxu||||| |||| 00| 0 eng d
020 _a 9781609783020
050 _aLB 2367.4 .N49 2011
100 _aKaplan Publishing.
_d2011
245 _aNew GRE verbal workbook/
_cKaplan Publishing.
250 _a7th ed
260 _aNew York :
_bKaplan Pub,
_c2011.
300 _axii, 418 p. ;
_bill.;
_c28cm.
521 _aIncludes index.
650 _aGraduate Record Examination -- Study guides.
650 _aEnglish language -- Examinations -- Study guides.
650 _aEnglish language -- Examinations.
942 _2lcc
_cBOOKS
_hLB 2367.4 .N49 2011